000 00352nam a2200133Ia 4500
008 230411s9999 xx 000 0 und d
041 _aeng
082 _aAD/610.7/SUD/B07596
100 _aSudha R
245 _aNursing Education : Principles and concepts
260 _bJaypee Brothers
_aNew Delhi
_c2013
300 _a424p
999 _c157698
_d157698